000 00545nam a2200181Ia 4500
008 151018s9999 xx 000 0 und d
082 _bRBASDV18834
_a891.433
100 _aगुरुचरण
245 _aराधा जो बिक गये
250 _b1
260 _bगुरु प्रकाशन
_c1983
300 _a0
600 _aगुरुचरण
630 _aराधा जो बिक गये
700 _aगुरुचरण
730 _aराधा जो बिक गये
942 _cBOOK
999 _c1019478
_d1019475